|
|
|
|
| LEADER |
00000cam a2200000 7i4500 |
| 001 |
0000003100 |
| 005 |
20040521.0 |
| 090 |
0 |
0 |
|a RP 674.13
|b PEE 1957
|
| 100 |
1 |
0 |
|a PEEL
|h J. D.
|
| 245 |
1 |
4 |
|a The chemical compositions and fibre dimensions of common Malayan timber species
|c by J. D. Peel & T. A. Bhaskaran
|
| 260 |
0 |
0 |
|a Kuala LumpurbForest Department ,
|c 1957
|
| 300 |
|
|
|a 14 p. ;
|c 34 cm.
|
| 440 |
0 |
0 |
|a Research pamphlet ; no. 22
|
| 650 |
0 |
0 |
|a Timber
|z Malaya
|
| 700 |
0 |
1 |
|a Bhaskaran
|h T. A.
|
| 710 |
1 |
1 |
|a Institut Penyelidikan Perhutanan Malaysia (FRIM)
|
| 998 |
|
|
|a JPSM
|
| 999 |
|
|
|a 0000005473
|b Monograph
|c Open Shelf
|e Default branch
|
| 999 |
|
|
|a 0000005474
|b Monograph
|c Open Shelf
|e Default branch
|